| 000 | 00586nam a2200193 u 4500 | ||
|---|---|---|---|
| 005 | 20220802133137.0 | ||
| 008 | 100607s2000 r 000 0 eng d | ||
| 020 | _a9687748591 | ||
| 035 | _aUPN01000176336 | ||
| 049 | _aCG | ||
| 050 | 4 |
_aPQ2349 A4 _bB6a |
|
| 100 | 1 |
_aMaupassant, Guy de, _d1850-1893 _929035 |
|
| 245 | 1 | 0 |
_aBola de sebo y otros relatos / _cGuy de Maupassant ; tr. Miguel Martínez ; pról. de Ana García Bergua. |
| 260 |
_aMéxico : _bLectorum, _c2000. |
||
| 300 | _a134 p. | ||
| 440 | 0 | _aBiblioteca juvenil | |
| 650 | 0 |
_aCuentos franceses _99135 |
|
| 905 | _aLibro | ||
| 999 |
_c148439 _d148439 |
||